000 00430nam a2200181Ia 4500
001 10127
005 20260306161809.0
008 260306t1996||||xx |||||||||||||| ||spa||
041 _aESP
082 _a901
_bCH553
100 _aChilde, Vere Gordon
_eAUT
245 0 _aLos orígenes de la civilización
260 _c1996
300 _a291 páginas :
_c17 cm.
650 _aGEN
654 _aCHU
942 _cLIB
_dJUS
_fJUS
_2ddc
_n
999 _c10127
_d10127